Hooked: how to build habit-forming products

Saved in:
Bibliografiske detaljer
Main Authors: Eyal, Nir (Author), Hoover, Ryan (Author)
Format: Bog
Sprog:engelsk
Udgivet: Nueva York Penguin Random House 2014
Udgivelse:1a. ed
Serier:Portfolio
Fag:
Tags: Tilføj Tag
Ingen Tags, Vær først til at tagge denne postø!

MARC

LEADER 00000cam a2200000 a 4500
001 UCC5564
003 CL-VaPUC
008 181012e20140000us |||||||||||||||||eng|d
020 |a 9781591847786 
082 0 4 |a 658.5  |b EYA  |2 21 
100 0 |a Eyal, Nir  |e author  |9 599908 
700 0 |a Hoover, Ryan  |e author  |9 599909 
245 1 0 |a Hooked: how to build habit-forming products 
250 |a 1a. ed 
300 |a 242 p 
942 |c BK 
945 |d 20181012 13:26:00  |a dcastane 
260 |a Nueva York  |b Penguin Random House  |c 2014 
650 0 |a Consumidores  |9 315658 
650 7 |a CONSUMISMO  |2 CL-VaPUC  |9 599910 
650 0 |a Nuevos productos  |9 521318 
583 |a last modification  |c 20181012 13:26:00  |k Rodrigo Vera 
490 0 |a Portfolio 
999 |c 372753  |d 372751 
952 |0 0  |1 0  |3 erd  |4 0  |6 658_500000000000000_EYA_2014  |7 0  |8 A  |9 490552  |a BIBENE  |b BIBENE  |i 5508428  |o 658.5 EYA 2014  |p 5508428  |r 2025-01-15  |w 2019-11-24  |y BK  |z Catalogado en:20181012  |k ICO